Music Quiz

Random Music or Kpop Quiz

50 Favourite Kpop Songs [Audio] Quiz Stats

Quiz not verified by Sporcle

Also try: 'The' Bands
Challenge
Share
Tweet
Score 0/50 Timer 15:00
0 Plays Today
Hint Song % Correct
1:50 - 2:00Not Today
83.4%
2:30 - 2:40Don't Recall
75.1%
2:20 - 2:30Error
70.2%
2:00 - 2:10Why So Lonely
69.4%
5:10 - 5:20Miniskirt
69.1%
6:10 - 6:20Lucky One
66.1%
5:20 - 5:30Be Mine
62.8%
4:10 - 4:20Baepsae
62.5%
3:50 - 4:00Adore U
60.3%
0:10 - 0:20The Chaser
59.1%
6:50 - 7:00Alone
56.4%
2:50 - 3:00Exodus
55.9%
5:40 - 5:50Now
55.8%
7:40 - 7:50FM
55.8%
1:20 - 1:30Wake Me Up
54.1%
3:40 - 3:50Female President
53.1%
5:30 - 5:40Closer
43.5%
6:40 - 6:50The Closer
43.5%
8:10 - 8:20BTD (Before The Dawn)
38.7%
2:40 - 2:50Get Down
36.7%
0:50 - 1:00Might Just Die
36.6%
4:50 -5:00Spine Breaker
34.9%
8:00 - 8:10Lipstick
34.5%
0:30 - 0:40Every Night
33.4%
1:10 - 1:20Chase Me
32.2%
Hint Song % Correct
0:00 - 0:10Pandora
32.1%
7:10 - 7:20Can You Feel It?
31.6%
3:10 - 3:20I'm Sorry
30.4%
6:00 - 6:10Take Me Now
29.2%
4:30 - 4:40Run Away
28.6%
1:00 - 1:10Bonnie & Clyde
26.4%
1:40 - 1:50U
26.2%
4:40 - 4:5024 Hours
25.5%
7:50 - 8:00Spellbound
25%
3:30 - 3:40Sixth Sense
22.6%
5:50 - 6:00Lupin
22.5%
3:00 - 3:10Hi
19.9%
6:20 - 6:30B.B.B
19.6%
7:30 - 7:40Love Options
15.4%
7:20 - 7:30Gun
14.5%
5:00 - 5:10So Wonderful
12%
4:20 - 4:30Painkiller
9.9%
0:20 - 0:30News
9%
7:00 - 7:10Cha Cha
7.9%
3:20 - 3:30Shower
6.6%
1:30 - 1:40Cocktail
6.4%
6:30 - 6:40Rewind
6.1%
4:00 - 4:10Insomnia
6%
0:40 - 0:50Viva
4.9%
2:10 - 2:20Mach
4%

You're not logged in!

Compare scores with friends on all Sporcle quizzes.
Sign Up with Email
OR
Log In

You Might Also Like...

Show Comments

Extras

Top Quizzes Today


Score Distribution

Your Account Isn't Verified!

In order to create a playlist on Sporcle, you need to verify the email address you used during registration. Go to your Sporcle Settings to finish the process.